000 00700nam a2200229Ia 4500
003 OSt
005 20220923225720.0
006 a|||||r|||| 00| 0
007 ta
008 Pun
024 _a273,960
037 _cTextual
040 _aARTS
_cARTS
_bPun
041 _2Pun
_aPun
082 _aO153,1(Delta73):g, M0
100 _aਢਿੱਲੋ੍ਵ, ਹਰਜਿੰਦਰ ਸਿੰਘ
245 0 _aਪੰਜਾਬੀ ਸੂਖ਼ੀ ਕਾਵਿ ਅਤੇ Fਰੀਅਤ
260 _c1980
650 _aਪੰਜਾਬੀ ਸਾਹਿਤ
942 _hO153,1(Delta73):g, M0
_cTEXL
_2CC
999 _c379952
_d379952